000 00782nab a2200241 u 4500
001 10212
003 HDC
007 cr bn ---aaaaa
008 210203c2014 |r|nos 0 a may d
040 _aHDC
110 _aBernama
245 0 _aSEED GESA USAHAWAN KAUM INDIA TEROKA INDUSTRI HALAL
260 _a[no place] :
_b[publisher not identified],
_c2014
336 _atext
_2rdacontent
337 _acomputer
_2rdamedia
338 _aonline resource
_2rdacarrier
650 _ahalal industry
_9144
650 _aindian entrepreneurs
_910041
856 _zRequest full-text at [email protected]
942 _2lcc
942 _cNEWS
942 _kNWSO 000128
999 _c7535
_d7535